000 01321cam a22003617a 4500
003 CHAP
005 20240828103641.0
008 000417d1996 mx a r 00010 spa d
010 _a80859
011 _a81831
020 _a9682454123
035 _a92312
040 _cCHAP
082 0 4 _a631.4
_bF58Y 1996
100 0 0 _aFitzPatrick, Ewart Adsil
_941199
245 1 0 _aIntroducción a la ciencia de los suelos
_c/por E. A. Fitzpatrick
260 _aMéxico, D. F. :
_bTrillas,
_c1996.
300 _a288 p. :
_bilus.
500 _aTrad. de : An introduction to soil science, 2ed.
590 _aBATCH-UPD
_b10
_c20130110
_lUCH01
_h0124
590 _aBATCH-UPD
_b10
_c20130110
_lUCH01
_h1515
590 _aBATCH-UPD
_b10
_c20130410
_lUCH01
_h0930
590 _aBATCH-UPD
_b10
_c20130914
_lUCH01
_h1415
590 _aCONVERSION
_b10
_c20130109
_lUCH01
_h1345
650 1 4 _aSuelos.
_9110191
650 1 4 _aSuelos
_xFertilidad.
_9110367
650 1 4 _aSuelos
_xFísica de.
_9110373
901 _aBK
905 _aLilia Sánchez G.
942 _cLIBRO
949 _a631.4 F58Y 1996
_bBC
_cLIBRO
_d33724000778312
_eLIBRO
_gI.203199
_h97845
_i92312
_si
_t$119.00
949 _a631.4 F58Y 1996
_bBC
_cLIBRO
_d33724000872297
_eLIBRO
_fc.2
_h103312
_i92312
_mSustituye a : NuÞez E. Roberto / Notas del curso de edafologŁa / 631.4 N8 c.17/ A. 21077
_si
999 _c80859
_d80859